טוען...
Mahakavi Ulloor
| מחבר ראשי: | |
|---|---|
| פורמט: | Printed Book |
| יצא לאור: |
Trivandrum;
Mahakavi Ulloor Memorial Library;
1977
|
| נושאים: |
| LEADER | 00487nam a22001337a 4500 | ||
|---|---|---|---|
| 082 | |a 824 |b GEO/M L7 | ||
| 100 | |a George K M |9 316321 | ||
| 245 | |a Mahakavi Ulloor | ||
| 260 | |a Trivandrum; |b Mahakavi Ulloor Memorial Library; |c 1977 | ||
| 300 | |a 172p. | ||
| 650 | |a Poetry Study; English Literature |9 316322 | ||
| 942 | |c BK | ||
| 999 | |c 65524 |d 65524 | ||
| 952 | |0 0 |1 0 |4 0 |6 824_000000000000000_GEO_M_L7 |7 0 |8 POESTU |9 78190 |a MAL |b MAL |d 2016-10-24 |e 23920 |g 25.00 |l 0 |o 824 GEO/M L7 |p MAL023920 |r 2016-10-24 |t 1 |w 2016-10-24 |y BK | ||